000 00719nam a2200289Ia 4500
005 20260324130701.0
008 008 260324s9999 xx 000 0 eng d
020 _a9780429224096
037 _aEBOOK
040 _aCRL
040 _beng
040 _cCRL
041 _2eng
041 _aeng
084 _qCRL
100 _aMassimo Rumor; Volker Coors; Elfriede M. Fendel; Sisi Zlatanova
_91182708
245 0 _aUrban and Regional Data Management
245 0 _bUDMS 2007 Annual
260 _bTaylor and Francis
260 _c2007
365 _a
365 _b560
856 _uhttp://www.taylorfrancis.com/books/9780429224096
942 _cEBOOK
999 _c1779091
_d1779091